| 000 | 00560nam a22002057a 4500 | ||
|---|---|---|---|
| 999 |
_c191170 _d191170 |
||
| 005 | 20220822144051.0 | ||
| 010 | _aA-992722 | ||
| 020 |
_a0-86163-182-X _c0.00 |
||
| 035 | _aA-992722 | ||
| 037 | _adpl | ||
| 082 | _aS | ||
| 100 | _aBlyton,Enid | ||
| 245 |
_aThe Rabbit's Whiskers and Other stories/ _cby Enid Blyton _hEN |
||
| 250 | _a11th ed. | ||
| 260 |
_aLondon _bAward Publications Ltd. _c1945 |
||
| 270 |
_a27 Longford Street _bLondon NW1 3DZ _l- _m- |
||
| 300 |
_a192p.: _bill. _c18cm(Hbk) |
||
| 700 | _aTanner, Suzy-Jane | ||
| 942 |
_2ddc _cEN _mBLY _hS |
||